Loading...
| MB | 2 | 7 | 3 | 2 | 85 | 49 | 101.33 | 1 | 9 | 0.00 | 0.00 |
| BB | 2 | 3 | 2 | 0 | 50 | 35 | 69.20 | 2 | 5 | 0.00 | 0.00 |
| TR | 0 | 4 | 0 | 2 | 40 | 79 | 115.75 | 2 | 4 | 0.00 | 0.00 |
| RR | 0 | 3 | 1 | 1 | 25 | 113 | 120.00 | 0 | 3 | 0.00 | 0.00 |
| DM | 0 | 2 | 1 | 1 | 15 | 100 | 117.50 | 0 | 2 | 0.00 | 0.00 |
| AR | 0 | 1 | 0 | 1 | 10 | 114 | 114.00 | 0 | 1 | 0.00 | 0.00 |
| MV | 0 | 1 | 0 | 0 | 10 | 126 | 126.00 | 1 | 1 | 0.00 | 0.00 |
| AG | 0 | 2 | 2 | 1 | 10 | 79 | 109.50 | 0 | 2 | 0.00 | 0.00 |
| RC | 0 | 1 | 2 | 0 | 0 | 90 | 90.00 | 1 | 1 | 0.00 | 0.00 |
| BB | sunspots | 15 | 35 |
| MB | Thessaloniki | 15 | 49 |
| MB | the English working class | 15 | 60 |
| MB | Marie de France | -5 | 63 |
| MB | queen of Egypt | -5 | 63 |
| BB | reductases | 10 | 68 |
| RR | Columbine school shooting | -5 | 68 |
| RC | Stephen Crane | -5 | 72 |
| BB | damping | 10 | 74 |
| AG | shoes | 10 | 79 |